| 000 | 00527 a2200169 4500 | ||
|---|---|---|---|
| 003 | OSt | ||
| 005 | 20230904163321.0 | ||
| 008 | 230823b |||||||| |||| 00| 0 eng d | ||
| 020 | _a9781780521145 | ||
| 040 | _coclc | ||
| 082 |
_a658.3 _bVER/E |
||
| 100 | 1 |
_aVerbeke, Alain _99344 |
|
| 245 |
_aENTREPRENEURSHIP IN THE GLOBAL FIRM _bVOL6 / _cAlain verbeke, Ana Teresa Tavares Lehmann, Rob Van Tulder |
||
| 260 |
_aUK: _bEIBA, _c2011. |
||
| 300 | _a360 p | ||
| 942 |
_2ddc _cBK _h658.3 _iVER/E _k658.3 _mVER/E |
||
| 999 |
_c41965 _d41965 |
||